Look what came from Russia. (Record no. 110408)
[ view plain ]
| 000 -LEADER | |
|---|---|
| fixed length control field | 00619nam a2200157 a 4500 |
| 005 - DATE AND TIME OF LATEST TRANSACTION | |
| control field | 20140414131855.0 |
| 008 - FIXED-LENGTH DATA ELEMENTS--GENERAL INFORMATION | |
| fixed length control field | 100817s19uu xx 00 eng d |
| 050 ## - LIBRARY OF CONGRESS CALL NUMBER | |
| Classification number | M 947 |
| Item number | H21 1999 |
| 100 ## - MAIN ENTRY--PERSONAL NAME | |
| Personal name | Harvey, Miles |
| 245 ## - TITLE STATEMENT | |
| Title | Look what came from Russia. |
| 260 ## - PUBLICATION, DISTRIBUTION, ETC. (IMPRINT) | |
| Place of publication, distribution, etc | New York : |
| Name of publisher, distributor, etc | Franklin Watts. |
| 520 ## - SUMMARY, ETC. | |
| Summary, etc | Describes many things that originally cam from Russia, including inventions, sports and games, food, fashion, musical instruments, animal arts and crafts, and words |
| 650 ## - SUBJECT ADDED ENTRY--TOPICAL TERM | |
| Topical term or geographic name as entry element | Russia |
| General subdivision | Civilization |
| -- | Juvenile literature |
| 650 ## - SUBJECT ADDED ENTRY--TOPICAL TERM | |
| Topical term or geographic name as entry element | Civilization |
| General subdivision | Russia influences |
| -- | Juvenile literature |
| Withdrawn status | Lost status | Damaged status | Home library | Current library | Shelving location | Date acquired | Total Checkouts | Full call number | Barcode | Date last seen | Price effective from | Koha item type |
|---|---|---|---|---|---|---|---|---|---|---|---|---|
| Munich Library | Munich Library | Main Section | 08/17/2010 | M 947 H21 1999 | M0802 | 04/14/2014 | 04/14/2014 | Books |